000 00799nam a2200193Ia 4500
003 0
005 20250131074649.0
008 150126s9999 xx 000 0 und d
050 _aPHS LB 3051
_b.So698 2014
100 _aSong, Yuri.
245 _aRelationship between classroom behavior and academic achievement based on SBA English test results among grade 11 students of SISC /
_cYuri Song.
260 _aLas PiƱas City, Philippines :
_bSouthville International School and Colleges,
_c2014.
300 _a36 pages :
_billustration ;
_c28 cm.
504 _aIncludes bibliographical references.
650 _aEducational tests and measurements
_vStandardized tests.
650 _aAcademic achievement
_vPsychological aspects.
650 _aBehavioral assessment in education.
942 _2lcc
_cPASS
999 _c278666
_d278666